000
00331nam a2200145Ia 4500
008
150201s2005 xx 000 0 und d
082
_a
610
_b
C2005P
100
_a
PARVEEN KUMAR
245
_a
CLINICAL MEDICINE
250
_a
6TH
260
_b
ELSEVIER
_a
DELHI
_c
2005
300
_a
1-1508
650
_a
MEDICINE
942
_2
ddc
_c
BK
_0
1
999
_c
3488
_d
3488